000 00592nam a2200241Ia 4500
005 20260306145643.0
008 008 260114s9999 xx 000 0 eng d
020 _a9783110570380
037 _aEbook
040 _aCRL
040 _beng
040 _cCRL
041 _2eng
041 _aeng
084 _qCRL
245 0 _aFachunterricht, Sprachbildung und Sprachkompetenzen
260 _bDe Gruyter Mouton
260 _c2019
650 _aLinguistics and Semiotics
856 _uhttps://www.degruyter.com/isbn/9783110570380
942 _cEBOOK
999 _c1689896
_d1689896